Normal view
MARC view
- زيدان،جرجى
Entry Personal Name
001 - CONTROL NUMBER
- control field: 9172
003 - CONTROL NUMBER IDENTIFIER
- control field: JO-AjAnu
005 - DATE AND TIME OF LATEST TRANSACTION
- control field: 20230606071757.0
008 - FIXED-LENGTH DATA ELEMENTS
- fixed length control field: 230606|| aca||aabn | a|a d
040 ## - CATALOGING SOURCE
- Original cataloging agency: JO-AjAnu
- Transcribing agency: JO-AjAnu
100 ## - HEADING--PERSONAL NAME
- Personal name: زيدان،جرجى
670 ## - SOURCE DATA FOUND
- Source citation: Work cat.: (JO-AjAnu)4730: زيدان،جرجى, author, أحمد بن طولون